| 000 | 00437nam a2200157 i 4500 | ||
|---|---|---|---|
| 001 | 89791 | ||
| 003 | ES-MaACL | ||
| 005 | 20230906180252.0 | ||
| 007 | t| | ||
| 008 | 050113q1902 fr ||||1| fre d | ||
| 100 | 1 |
_aLaurent, Charles-Marie. _9172915 |
|
| 245 | 1 | 2 |
_aL'empereur s'amuse / _cCharles Laurent. |
| 260 |
_a[Paris : _bs.n., _c1902?] ( _eSaint-Denis : _fH. Bouillant) |
||
| 300 |
_a191 p. ; _c21 cm. |
||
| 852 |
_aES-MaACL _jD-1177 |
||
| 999 |
_c89791 _d89791 |
||